000 00478nam a2200157 4500
001 117448
003 ES-MaACL
005 20230906190915.0
007 t|
008 070214s1961 sp r ||||1| spa d
100 1 _aPeraita González, Graciano.
_990350
245 1 3 _aLa soledad cuadrada
_b: (poemas a destiempo) /
_cGraciano Peraita González.
260 _aBurgos :
_b[s.n.],
_c1961 (
_fGráf. Castilla)
300 _a66 p. ;
_c19 cm.
852 _aES-MaACL
_jC-20343
_bR.48353
999 _c117448
_d117448